| 000 | 01071nam0a2200289 4500 | ||
|---|---|---|---|
| 001 | RU\NLR\bibl\89226 | ||
| 005 | 20260406142027.0 | ||
| 010 |
_a5-89563-001-4 _93000 |
||
| 021 |
_aRU _b2000-5578 _9283 |
||
| 035 | _a(NLR Aleph) 000087175 | ||
| 090 |
_a487723 _c487723 |
||
| 100 | _a20000531d2000 |||y0rusy50 ca | ||
| 101 | 0 | _arus | |
| 102 | _aRU | ||
| 105 | _ay ||||||||| | ||
| 200 | 1 |
_aЖилищное законодательство России _eСб. нормат. документов с коммент. _fАгентство "Бизнес-Информ" |
|
| 210 |
_aМ. _cБизнес-Информ _d2000 |
||
| 215 |
_a308 с. _d20 |
||
| 606 | 0 |
_aЖилищное право _yРоссийская Федерация _92071524 _3RU\NLR\auth\661246295 |
|
| 686 | _aХ623.211.33-39(2Р)21 | ||
| 712 | 0 | 2 |
_4570 _a"Бизнес-информ", агентство _cМосква _3RU\NLR\AUTH\889921146 _9338449 |
| 801 | 0 |
_aRU _bNLR _c20000531 _gPSBO |
|
| 801 | 1 |
_aRU _bNLR _c20000531 |
|
| 852 |
_aNLR _j2000-3/3777 |
||
| 942 | _cBOOK | ||
| 980 | _aNB | ||